[Event "SR 3. liga A2 2006/2007"]
[Site "?"]
[Date "2006.11.05"]
[Round "3"]
[White "Kosar, Mikulas st"]
[Black "Bjel, Jan"]
[Result "1/2-1/2"]
[WhiteElo "1981"]
[BlackElo "1350"]
[Annotator "Vrbové - Gabcíkovo  /8/"]
[PlyCount "61"]
[EventDate "2006.??.??"]

1. e4 e5 2. Nf3 Nc6 3. Bc4 h6 4. d3 b6 5. Bd5 Nge7 6. Bb3 d6 7. Nc3 Ng6 8. Bd5
Nge7 9. Bb3 Na5 10. Ba4+ Bd7 11. Bxd7+ Qxd7 12. Be3 Ng6 13. Ne2 d5 14. exd5
Qxd5 15. Nc3 Bb4 16. Bd2 Bxc3 17. Bxc3 O-O 18. O-O Rfe8 19. Re1 Rad8 20. Nd2
Nc6 21. Qf3 Qxf3 22. Nxf3 f6 23. g3 Nge7 24. a3 Nf5 25. Re4 Nfd4 26. Nxd4 exd4
27. Rxe8+ Rxe8 28. Re1 Rxe1+ 29. Bxe1 Ne5 30. Kg2 c5 31. b3 1/2-1/2

[Event "SR 3. liga A2 2006/2007"]
[Site "?"]
[Date "2006.10.29"]
[Round "3"]
[White "Kovacocy, Pavel"]
[Black "Vass, Frantisek"]
[Result "0-1"]
[WhiteElo "2266"]
[BlackElo "2352"]
[Annotator "Cífer - Galanta  /1/"]
[PlyCount "104"]
[EventDate "2006.??.??"]

1. e4 d5 2. exd5 Qxd5 3. Nc3 Qa5 4. d4 Nf6 5. Nf3 Bg4 6. Bc4 c6 7. O-O e6 8.
Be2 Nbd7 9. Ne5 Nxe5 10. dxe5 Rd8 11. Bd2 Qxe5 12. Bxg4 Nxg4 13. Qxg4 Rxd2 14.
Rae1 h5 15. Qa4 Qd4 16. Qa5 Bb4 17. Qc7 O-O 18. Qxb7 Bxc3 19. bxc3 Qc5 20. Qb3
Rfd8 21. c4 h4 22. Re3 Rd1 23. Rd3 Qh5 24. Rxd8+ Rxd8 25. h3 Qe2 26. Qb7 Qxc4
27. Qxa7 Rd5 28. Qe7 Rf5 29. a3 c5 30. Qa7 Qxc2 31. a4 Qe4 32. a5 Rg5 33. f3
Qe3+ 34. Kh1 Qe2 35. Rg1 c4 36. Qb6 Qd2 37. a6 Ra5 38. a7 Qd5 39. Rb1 Kh7 40.
Qc7 $11 e5 41. Kh2 Ra2 42. Qe7 Qxf3 43. Qxh4+ Kg6 44. Rg1 Qd5 45. Qg4+ Kh7 46.
Rf1 Rxa7 47. Qh4+ Kg8 48. Rd1 Qxd1 49. Qxc4 Qd4 50. Qc8+ Kh7 51. Qc2+ g6 52.
Qc8 Qf4+ 0-1

[Event "SR 3. liga A2 2006/2007"]
[Site "?"]
[Date "2006.10.29"]
[Round "3"]
[White "Farkas, Gabor"]
[Black "Cechovic, Stefan"]
[Result "1-0"]
[WhiteElo "2240"]
[BlackElo "2197"]
[Annotator "Cífer - Galanta  /2/"]
[PlyCount "51"]
[EventDate "2006.??.??"]

1. e4 e5 2. f4 exf4 3. Nf3 g5 4. Bc4 Bg7 5. d4 h6 6. c3 Nc6 7. g3 fxg3 8. hxg3
Qe7 9. O-O Nd8 10. e5 b6 11. Na3 d6 12. Re1 Kf8 13. Nb5 dxe5 14. Nxe5 Bxe5 15.
Rxe5 Qd7 16. Qf3 Bb7 17. d5 Ne7 18. Qf6 Rh7 19. b3 c5 20. Bb2 a6 21. Rae1 Qg4
22. Qxe7+ Kg7 23. R5e3 axb5 24. Be2 Qf5 25. c4+ Kg6 26. Bd3 1-0

[Event "SR 3. liga A2 2006/2007"]
[Site "?"]
[Date "2006.10.29"]
[Round "3"]
[White "Sarmir, Milos"]
[Black "Nagy, Tomas"]
[Result "1-0"]
[WhiteElo "2159"]
[BlackElo "2125"]
[Annotator "Cífer - Galanta  /3/"]
[PlyCount "51"]
[EventDate "2006.??.??"]

1. e4 c5 2. Nf3 e6 3. d4 cxd4 4. Nxd4 Nc6 5. c3 Qc7 6. Bd3 Nf6 7. O-O d5 8. Nb5
Qb8 9. exd5 Nxd5 10. Be4 Nf6 11. Bxc6+ bxc6 12. Nd4 Bd6 13. h3 Qc7 14. Bg5 Ne4
15. Be3 f5 16. Qa4 Bd7 17. Qc4 Bh2+ 18. Kh1 Nd6 19. Qb3 Rb8 20. Nxe6 Qc8 21.
Nxg7+ Kf8 22. Qa3 Kxg7 23. Kxh2 Nb5 24. Qe7+ Kg6 25. a4 Qc7+ 26. g3 1-0

[Event "SR 3. liga A2 2006/2007"]
[Site "?"]
[Date "2006.10.29"]
[Round "3"]
[White "Nagy, Attila"]
[Black "Vagovsky, Jozef"]
[Result "1/2-1/2"]
[WhiteElo "2120"]
[BlackElo "2034"]
[Annotator "Cífer - Galanta  /4/"]
[PlyCount "32"]
[EventDate "2006.??.??"]

1. e4 e6 2. d4 d5 3. Nc3 dxe4 4. Nxe4 Nd7 5. Nf3 Ngf6 6. Bg5 Be7 7. Nxf6+ Nxf6
8. Bc4 O-O 9. Qe2 a6 10. O-O-O Bd7 11. Rhe1 Bb5 12. Bxf6 Bxf6 13. d5 exd5 14.
Rxd5 Qxd5 15. Bxd5 Bxe2 16. Rxe2 c6 $11 1/2-1/2

[Event "SR 3. liga A2 2006/2007"]
[Site "?"]
[Date "2006.10.29"]
[Round "3"]
[White "Liptak, Tomas"]
[Black "Danis, Jozef"]
[Result "0-1"]
[WhiteElo "1970"]
[BlackElo "1756"]
[Annotator "Cífer - Galanta  /5/"]
[PlyCount "46"]
[EventDate "2006.??.??"]

1. e4 e5 2. Nf3 Nf6 3. Nxe5 d6 4. Nf3 Nxe4 5. d4 d5 6. Bd3 Be7 7. Nbd2 Nf6 8.
Ne5 c5 9. O-O O-O 10. c3 Nc6 11. Ndf3 h6 12. Re1 cxd4 13. cxd4 Bb4 14. Re2 Qb6
15. Bf4 Bg4 16. Nxg4 Nxg4 17. a3 Be7 18. Qd2 Qd8 19. h3 Nf6 20. Bxh6 Ne4 21.
Rxe4 dxe4 22. Bxe4 f5 23. Bxg7 Kxg7 {biely padol cas} 0-1

[Event "SR 3. liga A2 2006/2007"]
[Site "?"]
[Date "2006.10.29"]
[Round "3"]
[White "Farkas, Sandor"]
[Black "Vlkovic, Pavol"]
[Result "1/2-1/2"]
[WhiteElo "1850"]
[BlackElo "1924"]
[Annotator "Cífer - Galanta  /6/"]
[PlyCount "85"]
[EventDate "2006.??.??"]

1. e4 e6 2. d3 d5 3. Nd2 Nf6 4. Ngf3 c5 5. c3 Nc6 6. g3 Be7 7. Bg2 O-O 8. O-O
Qc7 9. Re1 Rd8 10. e5 Nd7 11. d4 Nf8 12. Nf1 b5 13. Bg5 a5 14. a3 Bxg5 15. Nxg5
$11 cxd4 16. cxd4 Qb6 17. Nf3 Bd7 18. Ne3 b4 19. Qd2 Rdb8 20. Reb1 Ng6 21. h4
Nge7 22. Ng4 Ra7 23. h5 Nf5 24. h6 g6 25. Nf6+ Kh8 26. g4 Nfxd4 27. Qg5 Nxf3+
28. Bxf3 Qd8 29. Qe3 Rab7 30. b3 bxa3 31. Rxa3 Qe7 32. Ra2 Qd8 33. Qf4 Rb4 34.
Qe3 Bc8 35. Bd1 Nd4 36. Qg5 Rxb3 37. Rxb3 Rxb3 38. Rxa5 Rb1 39. Kg2 Rxd1 40.
Ra8 Rg1+ 41. Kh3 Rh1+ 42. Kg2 Rg1+ 43. Kh3 1/2-1/2

[Event "SR 3. liga A2 2006/2007"]
[Site "?"]
[Date "2006.10.29"]
[Round "3"]
[White "Hrusovsky, Jan"]
[Black "Barczi, Tomas"]
[Result "1-0"]
[WhiteElo "1767"]
[BlackElo "1619"]
[Annotator "Cífer - Galanta  /7/"]
[PlyCount "67"]
[EventDate "2006.??.??"]

1. e4 e6 2. d4 d5 3. e5 c5 4. c3 Nc6 5. Bb5 Bd7 6. Nf3 Qb6 7. Bxc6 Bxc6 8. O-O
c4 9. Ng5 Be7 10. Qh5 g6 11. Qe2 h6 12. Nf3 O-O-O 13. Nbd2 Qc7 14. a4 b5 15.
axb5 Bxb5 16. b4 g5 17. g3 f6 18. Nb3 a6 19. Nc5 Qb6 20. exf6 Nxf6 21. Nxe6 Rd7
22. Nc5 Bxc5 23. bxc5 Qd8 24. Ne5 Re7 25. Qb2 Rhe8 26. Be3 Nd7 27. Nxd7 Qxd7
28. Ra5 Re6 29. Rfa1 Kb7 30. Qb1 Ka7 31. Rxb5 Rxe3 32. Rxa6+ Kxa6 33. Rb6+ Ka5
34. Qb4# 1-0

[Event "SR 3. liga A2 2006/2007"]
[Site "?"]
[Date "2006.10.29"]
[Round "3"]
[White "Lancz, Frantisek"]
[Black "Liptak, Dusan"]
[Result "1-0"]
[WhiteElo "1350"]
[BlackElo "1708"]
[Annotator "Cífer - Galanta  /8/"]
[PlyCount "141"]
[EventDate "2006.??.??"]

1. e4 c5 2. Nf3 d6 3. d4 cxd4 4. Nxd4 Nf6 5. Nc3 a6 6. Be2 e5 7. Nb3 Be6 8. O-O
Be7 9. Be3 Nbd7 10. f3 O-O 11. Nd5 Bxd5 12. exd5 Qc7 13. c4 Nc5 14. Nxc5 dxc5
15. Qc2 Rfe8 16. Rf2 Bd6 17. g3 Rab8 18. Bg5 Nd7 19. Qf5 f6 20. Bd2 b5 21. b3
Nf8 22. Bd3 bxc4 23. Bxc4 a5 24. a4 Nd7 25. Bb5 Re7 26. Rd1 Qa7 27. Rc1 Nb6 28.
Qe4 Nc8 29. Be3 Qb6 30. Rfc2 Rc7 31. Kg2 Na7 32. Bc4 Re8 33. Qf5 Rf7 34. Qd3
Rb8 35. h4 f5 36. Bf2 Kh8 37. Qd2 Re8 38. Re1 Rfe7 39. Qg5 e4 40. fxe4 fxe4 41.
Rce2 Re5 42. Qg4 Qc7 43. Rxe4 Rxe4 44. Rxe4 Rf8 45. Qe2 Qf7 46. Re6 Rd8 47. Bd3
Nc8 48. Qe4 g6 49. Be1 Rf8 50. Bc3+ Kg8 51. Rf6 Qc7 52. Qe6+ Rf7 53. Rxf7 Qxf7
54. Qxc8+ Bf8 55. Qe6 Qxe6 56. dxe6 Bd6 57. Bxa5 Kf8 58. Bc4 Ke7 59. Bc3 h6 60.
Kf3 Kd8 61. g4 Kc7 62. h5 gxh5 63. gxh5 Bf8 64. Ke4 Kd6 65. a5 Kc7 66. Kd5 Kb7
67. Bf6 Kc7 68. e7 Bxe7 69. Bxe7 Kd7 70. Bxc5 Kc7 71. a6 {
cierny dostal este v dalsich tahoch mat} 1-0

[Event "SR 3. liga A2 2006/2007"]
[Site "?"]
[Date "2006.11.19"]
[Round "4"]
[White "Lahucky, Pavol"]
[Black "Provaznik, Michal"]
[Result "0-1"]
[WhiteElo "2110"]
[BlackElo "2176"]
[Annotator "Hlohovec jun. - Holíc  /1/"]
[PlyCount "93"]
[EventDate "2006.??.??"]

1. c4 e5 2. Nc3 Bb4 3. e4 Bxc3 4. bxc3 Nf6 5. d3 O-O 6. Nf3 c6 7. Be2 d5 8.
cxd5 cxd5 9. exd5 Nxd5 10. Bd2 Nc6 11. O-O Re8 12. Re1 Bf5 13. Rb1 b6 14. Qa4
Rc8 15. Bf1 h6 16. Rb5 Nc7 17. Rb2 b5 18. Qc2 a6 19. a4 Qd6 20. c4 Ne6 21. axb5
axb5 22. cxb5 Ncd4 23. Qd1 Bg4 24. Be3 Bxf3 25. gxf3 Qd5 26. Bg2 Nf4 27. Bxf4
exf4 28. Re4 Nxb5 29. Rxf4 Nc3 30. Qf1 Qd6 31. Rc4 Nd5 32. Re4 Nf4 33. Rd2 Qf6
34. Rd1 Qg5 35. Kh1 f5 36. Re3 Red8 37. Re5 Rxd3 38. Rde1 Qh5 39. R5e3 Rd6 40.
Qb5 Qg5 41. Qf1 Rg6 42. Bh3 Kh7 43. Re5 Rf8 44. Ra5 Qh5 45. Bg4 Qg5 46. Ree5
Rgf6 47. Qb1 {biely cas} 0-1

[Event "SR 3. liga A2 2006/2007"]
[Site "?"]
[Date "2006.11.19"]
[Round "4"]
[White "Horak, Ivan"]
[Black "Gajarsky, Roman"]
[Result "1-0"]
[WhiteElo "2127"]
[BlackElo "2008"]
[Annotator "Hlohovec jun. - Holíc  /2/"]
[PlyCount "31"]
[EventDate "2006.??.??"]

1. e4 e5 2. Nf3 Nf6 3. Nxe5 d6 4. Nf3 Nxe4 5. Nc3 d5 6. Qe2 Be6 7. Nxe4 dxe4 8.
Qxe4 Qd5 9. Qxd5 Bxd5 10. Be2 Nd7 11. O-O O-O-O 12. d4 c5 13. Be3 c4 14. c3 Bd6
15. Nd2 b5 16. a4 1-0

[Event "SR 3. liga A2 2006/2007"]
[Site "?"]
[Date "2006.11.19"]
[Round "4"]
[White "Slamena, Michal"]
[Black "Kovarik, Oto"]
[Result "1/2-1/2"]
[WhiteElo "1957"]
[BlackElo "2050"]
[Annotator "Hlohovec jun. - Holíc  /3/"]
[PlyCount "101"]
[EventDate "2006.??.??"]

1. Nf3 d5 2. g3 c6 3. d3 Nf6 4. Bg2 Nbd7 5. O-O e5 6. Nbd2 Bd6 7. c4 O-O 8. a3
a5 9. Rb1 Qe7 10. cxd5 cxd5 11. e4 dxe4 12. Nxe4 Nxe4 13. dxe4 Nc5 14. Qc2 a4
15. Be3 Nb3 16. Nd2 Be6 17. f4 f6 18. f5 Bf7 19. Nxb3 Bxb3 20. Qe2 Rac8 21.
Rbc1 Bc5 22. Qf2 b6 23. Rc3 Rc7 24. Rfc1 Rfc8 25. Bf1 Qd6 26. Bxc5 Rxc5 27. Qe3
Rxc3 28. Rxc3 Rxc3 29. Qxc3 Qc5+ 30. Qxc5 bxc5 31. Kf2 Kf8 32. Ke3 Ke7 33. Kd2
Kd6 34. Bb5 Kc7 35. Kc3 Kb6 36. Bc4 Bd1 37. Kd2 Bf3 38. Bd3 h6 39. Bc2 Kb5 40.
Kc3 Bg2 41. Bd3+ Kc6 42. Kd2 Bf3 43. Bc2 Kb5 44. Ke3 Bh5 45. Bd3+ c4 46. Bf1
Kc5 47. h4 Be8 48. Be2 Bb5 49. Bd1 Be8 50. g4 Bc6 51. Bc2 $11 1/2-1/2

[Event "SR 3. liga A2 2006/2007"]
[Site "?"]
[Date "2006.11.19"]
[Round "4"]
[White "Sefcik, Marek"]
[Black "Peska, Juraj"]
[Result "1-0"]
[WhiteElo "1974"]
[BlackElo "1955"]
[Annotator "Hlohovec jun. - Holíc  /4/"]
[PlyCount "97"]
[EventDate "2006.??.??"]

1. Nc3 d5 2. a3 e5 3. d4 e4 4. Bf4 f5 5. h4 Nf6 6. e3 Be6 7. Nh3 Bd6 8. g3 Bf7
9. Be2 c6 10. Qd2 Bh5 11. Bxh5+ Nxh5 12. Ne2 Nxf4 13. Nexf4 Qe7 14. Qe2 Qf7 15.
Ng5 Qg8 16. Nge6 Bxf4 17. Nxf4 Nd7 18. Rc1 Nf6 19. c4 dxc4 20. Qxc4 Qxc4 21.
Rxc4 Kd7 22. Rc5 Rac8 23. Rxf5 Rhf8 24. Rc5 Kd6 25. Ke2 Nd7 26. Rg5 Rf7 27. h5
Rcf8 28. Rh4 Nf6 29. Re5 b6 30. Nh3 Re7 31. Rxe7 Kxe7 32. Ng5 Rd8 33. Nxe4 Rd5
34. Nxf6 Kxf6 35. Kd3 Rb5 36. b4 a5 37. Kc4 axb4 38. axb4 Kg5 39. e4 Kf6 40. f4
Ke6 41. g4 Kd6 42. Rh1 Ke6 43. Ra1 g6 44. hxg6 hxg6 45. d5+ Kd6 46. e5+ Kc7 47.
d6+ Kd7 48. Ra7+ Kd8 49. e6 1-0

[Event "SR 3. liga A2 2006/2007"]
[Site "?"]
[Date "2006.11.19"]
[Round "4"]
[White "Hertel, Ondrej"]
[Black "Bilovsky, Milan"]
[Result "1-0"]
[WhiteElo "1990"]
[BlackElo "1880"]
[Annotator "Hlohovec jun. - Holíc  /5/"]
[PlyCount "97"]
[EventDate "2006.??.??"]

1. d4 d5 2. c4 e6 3. Nc3 Nf6 4. Bg5 Be7 5. e3 b6 6. cxd5 exd5 7. Nf3 O-O 8. Bd3
Nbd7 9. O-O Bb7 10. Ne5 Ne4 11. Bxe7 Qxe7 12. Nxd7 Qxd7 13. f3 Nf6 14. Qc2 g6
15. Kh1 Rfe8 16. Rae1 Re6 17. Qd2 Rae8 18. Rf2 c5 19. dxc5 bxc5 20. Bb5 Bc6 21.
Bxc6 Qxc6 22. Rfe2 a6 23. Rd1 Rd8 24. e4 d4 25. Nb1 Re7 26. b3 Nd7 27. Na3 Nb6
28. Qd3 a5 29. Rc2 Rde8 30. Qxd4 Rd7 31. Qg1 a4 32. Rdc1 axb3 33. axb3 Qe6 34.
Nc4 Red8 35. Nxb6 Qxb6 36. Rxc5 Qxb3 37. Rc8 Rxc8 38. Rxc8+ Kg7 39. Qa1+ Kh6
40. Rc1 Rd2 41. h3 Qd3 42. Qf6 Rxg2 43. Qf4+ g5 44. Qf6+ Kh5 45. Qxf7+ Kh4 46.
Qxh7+ Kg3 47. Qc7+ Kf2 48. Rc2+ Kxf3 49. Rc3 1-0

[Event "SR 3. liga A2 2006/2007"]
[Site "?"]
[Date "2006.11.19"]
[Round "4"]
[White "Holly, Milan"]
[Black "Kollarik, Gorazd"]
[Result "1/2-1/2"]
[WhiteElo "1776"]
[BlackElo "1976"]
[Annotator "Hlohovec jun. - Holíc  /6/"]
[PlyCount "148"]
[EventDate "2006.??.??"]

1. Nf3 Nf6 2. b3 g6 3. Bb2 Bg7 4. e3 c5 5. Be2 Nc6 6. O-O O-O 7. c4 d6 8. d4
cxd4 9. Nxd4 Bd7 10. Bf3 Qc8 11. a3 Bg4 12. Nxc6 bxc6 13. Nd2 Bxf3 14. Nxf3 c5
15. Qc2 Qc6 16. Nd2 Rab8 17. Rfb1 Rb7 18. f3 Rfb8 19. e4 Nh5 20. Bxg7 Nxg7 21.
Ra2 a5 22. Qc3 Qc7 23. Rab2 Ne6 24. Kf2 Nd8 25. g3 Nc6 26. f4 Qd7 27. Nf3 h6
28. e5 dxe5 29. Nxe5 Qd4+ 30. Qxd4 Nxd4 31. Nd3 Rc7 32. Ke3 Nf5+ 33. Kd2 Rd8
34. Kc3 Nd6 35. Re1 f5 36. Nf2 Kf7 37. Rd2 Rcd7 38. Red1 e6 39. Kc2 Ke7 40. Re2
Nb7 41. Nd3 Kf6 42. Red2 g5 43. Ne5 Rxd2+ 44. Rxd2 Rxd2+ 45. Kxd2 Ke7 46. Kc3
gxf4 47. gxf4 h5 48. h4 Kd6 49. b4 axb4+ 50. axb4 cxb4+ 51. Kxb4 Nc5 52. Nf7+
Kc6 53. Ne5+ Kb6 54. Kc3 Ne4+ 55. Kd4 Nc5 56. Ng6 Nd7 57. Ne5 Nc5 58. Nf3 Kc6
59. Ke5 Kd7 60. Kf6 Ne4+ 61. Kg6 Ng3 62. Ne5+ Kd6 63. Kg5 Kc5 64. Kf6 Kd6 65.
Nd3 Ne2 66. c5+ Kd5 67. c6 Kxc6 68. Kxe6 Ng3 69. Ne5+ Kc5 70. Kf6 Kd4 71. Ng6
Ke4 72. Kg5 Kf3 73. Ne7 Ke4 74. Ng6 Kf3 1/2-1/2

[Event "SR 3. liga A2 2006/2007"]
[Site "?"]
[Date "2006.11.19"]
[Round "4"]
[White "Synak, Jan"]
[Black "Harastova, Viera"]
[Result "1/2-1/2"]
[WhiteElo "1802"]
[BlackElo "1607"]
[Annotator "Hlohovec jun. - Holíc  /7/"]
[PlyCount "73"]
[EventDate "2006.??.??"]

1. c4 Nf6 2. Nc3 g6 3. e4 d6 4. d4 Bg7 5. Nf3 O-O 6. Be2 Nbd7 7. O-O e5 8. dxe5
Nxe5 9. Nxe5 dxe5 10. Bg5 c6 11. Be3 Qe7 12. Qa4 Ng4 13. Bxg4 Bxg4 14. b4 Qc7
15. h3 Be6 16. c5 a6 17. Rfd1 Rfd8 18. Rxd8+ Rxd8 19. Rd1 Rxd1+ 20. Qxd1 Qd7
21. Qxd7 Bxd7 22. f3 Be6 23. a3 Bf6 24. Kh2 Bh4 25. g3 Bf6 26. h4 h5 27. Kg2
Kg7 28. Bg5 Bxg5 29. hxg5 f6 30. gxf6+ Kxf6 31. Nd1 Kg5 32. Nf2 Bc4 33. Nh3+
Kf6 34. Kf2 Be6 35. Ng1 g5 36. Kg2 Bc4 37. Nh3 $11 1/2-1/2

[Event "SR 3. liga A2 2006/2007"]
[Site "?"]
[Date "2006.11.19"]
[Round "4"]
[White "Horak, Martin"]
[Black "Barca, Michal"]
[Result "0-1"]
[WhiteElo "1506"]
[BlackElo "1807"]
[Annotator "Hlohovec jun. - Holíc  /8/"]
[PlyCount "99"]
[EventDate "2006.??.??"]

1. d4 Nf6 2. c4 e6 3. Nc3 Bb4 4. Qc2 b6 5. Bg5 Bb7 6. f3 d6 7. e4 Nbd7 8. e5
dxe5 9. dxe5 Nxe5 10. Qa4+ Nc6 11. Qc2 O-O 12. Rd1 Qe7 13. a3 Bxc3+ 14. Qxc3 e5
15. Nh3 Rad8 16. Bd3 Nd4 17. Nf2 c5 18. O-O Bxf3 19. Bxf6 Qxf6 20. Ng4 Qg5 21.
gxf3 f5 22. Qd2 Qxd2 23. Rxd2 fxg4 24. fxg4 Nf3+ 25. Rxf3 Rxf3 26. Bxh7+ Kxh7
27. Rxd8 Rf4 28. h3 Rxc4 29. Kf2 Rc2+ 30. Ke3 Rxb2 31. h4 Rh2 32. Ra8 Rh3+ 33.
Ke4 Rxa3 34. Kxe5 c4 35. Kd4 b5 36. Rc8 c3 37. Rxc3 Rxc3 38. Kxc3 Kg6 39. Kb4
a6 40. Kc5 Kf6 41. Kd4 b4 42. Kc4 a5 43. Kd4 b3 44. Kc3 a4 45. Kb2 Ke5 46. g5
Kf5 47. Ka3 Kg4 48. h5 Kxh5 49. g6 Kxg6 50. Kxa4 0-1

[Event "SR 3. liga A2 2006/2007"]
[Site "?"]
[Date "2006.11.26"]
[Round "4"]
[White "Stepanovic, Branislav"]
[Black "Palka, Miroslav"]
[Result "1-0"]
[WhiteElo "2051"]
[BlackElo "2055"]
[Annotator "Piestany B - Senica B  /1/"]
[PlyCount "89"]
[EventDate "2006.??.??"]

1. e4 c5 2. Nf3 d6 3. d4 cxd4 4. Nxd4 Nf6 5. Nc3 g6 6. Be3 Bg7 7. f3 O-O 8. Qd2
Nc6 9. O-O-O Nxd4 10. Bxd4 Be6 11. Kb1 Qc7 12. h4 Rfc8 13. h5 Qa5 14. a3 Nxh5
15. Bxg7 Kxg7 16. g4 Nf6 17. Qh6+ Kg8 18. Nd5 Bxd5 19. exd5 e5 20. dxe6 fxe6
21. g5 Nh5 22. Rxh5 gxh5 23. Qxe6+ Kh8 24. Qf6+ Kg8 25. g6 hxg6 26. Qxg6+ Kf8
27. Qf6+ Kg8 28. Bh3 Qc5 29. Be6+ Kh7 30. Bf5+ Kg8 31. b4 Qe3 32. Be6+ Kh7 33.
Bxc8 Rxc8 34. Qf5+ Kg7 35. Qd7+ Kf6 36. Rxd6+ Kg5 37. Rd5+ Kh4 38. Qxc8 Qxa3
39. Qd8+ Kg3 40. Qg5+ Kf2 41. Rd2+ Ke1 42. Rd3 Qxb4+ 43. Kc1 Qb6 44. Qg3+ Kf1
45. Rd1+ 1-0

[Event "SR 3. liga A2 2006/2007"]
[Site "?"]
[Date "2006.11.26"]
[Round "4"]
[White "Sebesta, Radovan"]
[Black "Pobjecky, Ivan"]
[Result "1/2-1/2"]
[WhiteElo "2057"]
[BlackElo "2048"]
[Annotator "Piestany B - Senica B  /2/"]
[PlyCount "65"]
[EventDate "2006.??.??"]

1. e4 c5 2. Nf3 Nc6 3. d4 cxd4 4. Nxd4 Nf6 5. Nc3 d6 6. Bc4 e6 7. O-O Be7 8.
Be3 O-O 9. Bb3 a6 10. f4 Qc7 11. Qf3 Bd7 12. Rad1 b5 13. f5 b4 14. fxe6 Nxd4
15. Bxd4 fxe6 16. Ne2 Kh8 17. Ng3 e5 18. Bf2 Bg4 19. Qd3 Bxd1 20. Qxd1 g6 21.
Be3 Kg7 22. h3 Ng8 23. Qd5 Rxf1+ 24. Nxf1 Rf8 25. Nh2 Nf6 26. Qd2 Ng8 27. Ng4
Kh8 28. Qxb4 d5 29. Qa4 d4 30. Bd2 Qd6 31. Qc4 g5 32. Qe6 Qxe6 33. Bxe6 $11
1/2-1/2

[Event "SR 3. liga A2 2006/2007"]
[Site "?"]
[Date "2006.11.26"]
[Round "4"]
[White "Furjel, Andrej"]
[Black "Skapikova, Lubica"]
[Result "1-0"]
[WhiteElo "2023"]
[BlackElo "2013"]
[Annotator "Piestany B - Senica B  /3/"]
[PlyCount "70"]
[EventDate "2006.??.??"]

1. Nf3 c5 2. c4 Nf6 3. Nc3 Nc6 4. d4 cxd4 5. Nxd4 g6 6. e3 Bg7 7. Be2 O-O 8.
O-O b6 9. b3 Bb7 10. Bb2 d6 11. Bf3 Rc8 12. Qe2 Nxd4 13. exd4 Bxf3 14. Qxf3 Qd7
15. Rfe1 Rfe8 16. d5 Ng4 17. Rad1 Nh6 18. Na4 b5 19. Bxg7 Kxg7 20. Nb2 bxc4 21.
Nxc4 Ng4 22. h3 Nf6 23. Re2 Qb5 24. g4 h6 25. h4 Rc5 26. a4 Qd7 27. g5 hxg5 28.
hxg5 Nh5 29. Kg2 e6 30. Qg4 f5 31. Qd4+ Kf7 32. dxe6+ Rxe6 33. Rxe6 Rxc4 34.
Rf6+ Nxf6 35. Qxf6+ Kg8 1-0

[Event "SR 3. liga A2 2006/2007"]
[Site "?"]
[Date "2006.11.26"]
[Round "4"]
[White "Zisek, Jaroslav"]
[Black "Manak, Jozef"]
[Result "0-1"]
[WhiteElo "1946"]
[BlackElo "2043"]
[Annotator "Piestany B - Senica B  /4/"]
[PlyCount "48"]
[EventDate "2006.??.??"]

1. c4 c5 2. Nf3 Nc6 3. d4 cxd4 4. Nxd4 Nf6 5. Nc3 d5 6. Bg5 dxc4 7. Nxc6 Qxd1+
8. Rxd1 bxc6 9. e4 Be6 10. Rd4 c5 11. Rd2 Rb8 12. Be3 Nd7 13. Na4 g6 14. Be2
Bg7 15. O-O Rb4 16. Nxc5 Nxc5 17. Bxc5 Rxb2 18. Rxb2 Bxb2 19. Rb1 c3 20. Bd3
Bxa2 21. Re1 a5 22. Bc2 O-O 23. Re3 Rc8 24. Bxe7 a4 0-1

[Event "SR 3. liga A2 2006/2007"]
[Site "?"]
[Date "2006.11.26"]
[Round "4"]
[White "Gono, Pavol"]
[Black "Palka, Martin"]
[Result "1/2-1/2"]
[WhiteElo "2009"]
[BlackElo "1901"]
[Annotator "Piestany B - Senica B  /5/"]
[PlyCount "30"]
[EventDate "2006.??.??"]

1. e4 c5 2. Nf3 d6 3. d4 cxd4 4. Nxd4 Nf6 5. Nc3 a6 6. g3 e6 7. Bg2 Qc7 8. O-O
Be7 9. Kh1 O-O 10. f4 Bd7 11. Be3 Nc6 12. f5 Nxd4 13. Bxd4 Ne8 14. fxe6 fxe6
15. Rxf8+ Bxf8 $11 1/2-1/2

[Event "SR 3. liga A2 2006/2007"]
[Site "?"]
[Date "2006.11.26"]
[Round "4"]
[White "Fidericky, Milan"]
[Black "Mihalik, Anton"]
[Result "0-1"]
[WhiteElo "1888"]
[BlackElo "1994"]
[Annotator "Piestany B - Senica B  /6/"]
[PlyCount "52"]
[EventDate "2006.??.??"]

1. d4 d5 2. c4 e6 3. Nc3 Nf6 4. Bg5 Be7 5. e3 Nbd7 6. Nf3 O-O 7. Rc1 a6 8. Bd3
dxc4 9. Bxc4 b5 10. Bd3 Bb7 11. O-O Rc8 12. Bb1 c5 13. dxc5 Nxc5 14. b4 Ncd7
15. a3 h6 16. Bh4 Nb6 17. Qb3 Nc4 18. Rfd1 Qb6 19. Bd3 Rfd8 20. Be2 Rxd1+ 21.
Rxd1 Nxe3 22. Rb1 Nc4 23. Bxc4 Rxc4 24. Bg3 Bd6 25. Nd2 Bxg3 26. hxg3 Qc6 0-1

[Event "SR 3. liga A2 2006/2007"]
[Site "?"]
[Date "2006.11.26"]
[Round "4"]
[White "Curidlo, Jan"]
[Black "Havlicek, Peter"]
[Result "1-0"]
[WhiteElo "2084"]
[BlackElo "1715"]
[Annotator "Piestany B - Senica B  /7/"]
[PlyCount "101"]
[EventDate "2006.??.??"]

1. e4 e5 2. Nf3 d6 3. Bc4 Nf6 4. d3 Be7 5. h3 c6 6. a4 O-O 7. O-O a6 8. Be3 Qc7
9. c3 Nbd7 10. Nbd2 d5 11. Ba2 Bc5 12. Bxc5 Nxc5 13. exd5 cxd5 14. Nb3 Nxa4 15.
Qc2 Bf5 16. Nh4 Bg6 17. Rfe1 b5 18. Nxg6 hxg6 19. Nd2 Nb6 20. Nf3 Nfd7 21. Qe2
Rfe8 22. Qd2 Qd6 23. Re2 Re7 24. Bb3 Nc5 25. Bc2 Rae8 26. Rae1 f5 27. Qg5 Qf6
28. d4 Ne4 29. Qc1 exd4 30. cxd4 Kf8 31. Bd3 Nc4 32. b3 Ncd6 33. Qc6 a5 34. Ne5
Qe6 35. Bxb5 Nxb5 36. Qxb5 Nc3 37. Qxa5 Nxe2+ 38. Rxe2 Qd6 39. f4 Rb7 40. Re3
Reb8 41. Qa4 Kg8 42. Rc3 Rb4 43. Qa7 Qb6 44. Qf7+ Kh8 45. Rc6 Qxd4+ 46. Kh1
Qd1+ 47. Kh2 R4b6 48. Rc7 Rg8 49. Qe7 Rf6 50. Nf7+ Kh7 51. Ng5+ 1-0

[Event "SR 3. liga A2 2006/2007"]
[Site "?"]
[Date "2006.11.19"]
[Round "4"]
[White "Hecko, Dusan"]
[Black "Halas, Miroslav"]
[Result "1-0"]
[WhiteElo "2142"]
[BlackElo "2025"]
[Annotator "Osuské B - Trnava C  /1/"]
[PlyCount "125"]
[EventDate "2006.??.??"]

1. e4 c6 2. d4 d5 3. exd5 cxd5 4. Bd3 Nc6 5. c3 Nf6 6. Bf4 Bg4 7. Qb3 Qd7 8.
Nd2 e6 9. Ngf3 Bd6 10. Bxd6 Qxd6 11. O-O O-O 12. Rfe1 a6 13. a4 Rfc8 14. a5
Rab8 15. Ne5 Bh5 16. Qb6 Nd7 17. Nxd7 Qxd7 18. Nb3 Qe7 19. Qc5 Qg5 20. Qd6 e5
21. Qxd5 Rd8 22. Qe4 Bg6 23. Qe3 Qxe3 24. Rxe3 exd4 25. cxd4 Nxd4 26. Bxg6 hxg6
27. Nxd4 $11 Rxd4 28. Rb3 Rbd8 29. Kf1 R8d7 30. Rc1 Kf8 31. Rc8+ Ke7 32. Rb8
R4d5 33. R8xb7 Rxa5 34. Re3+ Kd8 35. Rb4 Rd2 36. g3 Rf5 37. Re2 Rd3 38. Rc2
Rd1+ 39. Kg2 Rd6 40. Rb7 Rd7 $11 41. Rb8+ Ke7 42. Re2+ Kf6 43. Rb6+ Kg5 44. f4+
Kh6 45. Rxa6 Rb5 46. Ra8 Kh7 47. h4 g5 48. hxg5 Rdb7 49. Ra2 Kg6 50. Kf3 Kf5
51. g4+ Kg6 52. Ra6+ f6 53. gxf6 gxf6 54. g5 Rxb2 55. Rxf6+ Kg7 56. Rxb2 Rxb2
57. Ra6 Rb4 58. Kg4 Rb1 59. Ra7+ Kg8 60. Kh5 Rf1 61. Kg6 Rxf4 62. Ra8+ Rf8 63.
Rxf8+ 1-0

[Event "SR 3. liga A2 2006/2007"]
[Site "?"]
[Date "2006.11.19"]
[Round "4"]
[White "Bukovsky, Milan"]
[Black "Pagerka, Martin"]
[Result "1-0"]
[WhiteElo "2036"]
[BlackElo "1966"]
[Annotator "Osuské B - Trnava C  /2/"]
[PlyCount "109"]
[EventDate "2006.??.??"]

1. c4 e5 2. Nc3 Nf6 3. Nf3 Nc6 4. e4 Bc5 5. Nxe5 Nxe5 6. d4 Bb4 7. dxe5 Nxe4 8.
Qd3 Nxc3 9. bxc3 Bc5 10. Qg3 g6 11. Bg5 Be7 12. Bh6 d6 13. Rd1 Be6 14. exd6
Bxd6 15. Qe3 Qf6 16. Be2 Qe5 17. Qd4 Ke7 18. Bg7 Qxd4 19. cxd4 Bb4+ 20. Kf1
Rhd8 21. d5 Bf5 22. g4 Bc2 23. Rc1 Ba4 24. g5 Kd6 25. f4 Bd2 26. Be5+ Kc5 27.
Rb1 b5 28. cxb5 Bc2 29. Rb2 Be4 30. Rg1 Rxd5 31. Rg3 Re8 32. Rh3 Rdxe5 33. fxe5
Bxg5 34. Bd3 Bxd3+ 35. Rxd3 Rxe5 36. Rd7 Re7 37. Rc2+ Kb6 38. Rc6+ Kxb5 39.
Rcxc7 Rxd7 40. Rxd7 Be3 41. Rxf7 h5 42. Rg7 g5 43. Rh7 h4 44. Ke2 Bf4 45. h3 a5
46. Kd3 Kc5 47. Rb7 Be5 48. a4 Kc6 49. Rb5 Bf4 50. Rxa5 Kd6 51. Ke4 Ke6 52.
Ra6+ Bd6 53. Kf3 Ke5 54. Kg4 Be7 55. Rg6 1-0